[Event "Titled Tuesday intern op 19th Apr Early"]
[Site "Chess.com INT"]
[Date "2022.04.19"]
[Round "4"]
[White "Molina, Roberto Junio Brito"]
[Black "Zhurikhin, Alexander"]
[Result "1-0"]
[WhiteElo "2400"]
[BlackElo "2313"]
[PlyCount "167"]
[EventDate "2022.04.19"]
[EventType "swiss (blitz)"]
[EventRounds "11"]
[EventCountry "USA"]
[SourceTitle "EXT 2023"]
[Source "ChessBase"]
[SourceDate "2022.10.05"]
[SourceVersion "1"]
[SourceVersionDate "2022.10.05"]
[SourceQuality "1"]

1. d4 Nf6 2. c4 g6 3. Nc3 Bg7 4. e4 d6 5. f3 0-0 6. Be3 c5 7. dxc5 dxc5 8. Qxd8 Rxd8 9. Bxc5 Nc6 10. Ba3 a5 11. Nd5 Nxd5 12. cxd5 Nb4 13. 0-0-0 e6 14. Bxb4 axb4 15. Bc4 exd5 16. Bxd5 Be6 17. Kb1 Bxd5 18. exd5 Ra5 19. d6 b3 20. axb3 Rb5 21. Rd3 Rg5 22. g3 Re5 23. Rd1 Re3 24. f4 Rxb3 25. Rd2 Rd7 26. Ne2 Bf8 27. Rhd1 Rb6 28. Nc3 Rbxd6 29. Nd5 Kg7 30. Kc2 Rc6+ 31. Kb3 h5 32. Rd3 Rc5 33. R1d2 Rd6 34. Nc3 Rb6+ 35. Kc2 Be7 36. Rd5 Rcc6 37. f5 Bf6 38. R2d3 g5 39. h3 Rb4 40. Rd7 g4 41. hxg4 hxg4 42. Re3 Rbc4 43. Kb3 Bxc3 44. bxc3 R4c5 45. Rd4 Rb6+ 46. Kc2 Rxf5 47. Rxg4+ Rg6 48. Rb4 b5 49. g4 Rf2+ 50. Kb3 Rg2 51. Ree4 Rg5 52. Rbd4 Rg1 53. Rf4 Rb1+ 54. Kc2 Rg1 55. Rd7 Rg2+ 56. Kb3 R5xg4 57. Rdxf7+ Kg6 58. R4f6+ Kg5 59. Rf5+ Kg6 60. R7f6+ Kg7 61. Rb6 b4 62. Rxb4 Rxb4+ 63. Kxb4 Kg6 64. Rf1 Rb2+ 65. Kc5 Rb8 66. c4 Rc8+ 67. Kd5 Rd8+ 68. Kc6 Rc8+ 69. Kb5 Rb8+ 70. Ka4 Ra8+ 71. Kb4 Rb8+ 72. Kc3 Rc8 73. Rf2 Kg5 74. Rf3 Kg6 75. Rf4 Kg5 76. Rf7 Kg6 77. Rf2 Kg5 78. Kd3 Rd8+ 79. Ke4 Re8+ 80. Kd5 Rd8+ 81. Ke6 Rc8 82. Rc2 Kf4 83. Kd7 Rc5 84. Kd6 1-0

[Event "Titled Tuesday intern op 19th Apr Early"]
[Site "Chess.com INT"]
[Date "2022.04.19"]
[Round "1"]
[White "Soucek, Petr"]
[Black "Zhurikhin, Alexander"]
[Result "1-0"]
[WhiteElo "2206"]
[BlackElo "2313"]
[PlyCount "117"]
[EventDate "2022.04.19"]
[EventType "swiss (blitz)"]
[EventRounds "11"]
[EventCountry "USA"]
[SourceTitle "EXT 2023"]
[Source "ChessBase"]
[SourceDate "2022.10.05"]
[SourceVersion "1"]
[SourceVersionDate "2022.10.05"]
[SourceQuality "1"]

1. e4 c5 2. Nf3 d6 3. d4 cxd4 4. Qxd4 a6 5. Be2 Nc6 6. Qe3 Nf6 7. 0-0 e6 8. Rd1 Be7 9. c4 Qc7 10. Nc3 0-0 11. b3 b6 12. Ba3 Bb7 13. Rac1 Rfd8 14. Nd5 exd5 15. cxd5 Ng4 16. Qf4 Nge5 17. dxc6 Bxc6 18. Nd4 Qb7 19. Nf5 Bf8 20. Nxd6 Bxd6 21. Bxd6 Ng6 22. Qg3 Bb5 23. Bf3 Rac8 24. e5 Qd7 25. Bg4 Rxc1 26. Rxc1 Qe8 27. h4 Bd7 28. Bf3 h6 29. h5 Nf8 30. Rc7 Ne6 31. Rb7 Bc6 32. Rxb6 Bxf3 33. Qxf3 Rc8 34. Rxa6 Nd4 35. Qd5 Ne2+ 36. Kh2 Nf4 37. Qf3 Ne6 38. Ra7 Ng5 39. Qf5 Ra8 40. Re7 Qc8 41. Qxc8+ Rxc8 42. a4 Rc2 43. a5 Rxf2 44. a6 Ra2 45. a7 Kh7 46. Bc5 Ne4 47. Bb6 Nd2 48. Re8 Nf3+ 49. Kg3 Nxe5 50. Rxe5 Ra3 51. Rb5 g5 52. hxg6+ fxg6 53. Bd4 g5 54. Rb7+ Kg6 55. Rb8 h5 56. a8Q h4+ 57. Kg4 Rxa8 58. Rxa8 h3 59. Ra6+ 1-0

[Event "Titled Tuesday intern op 19th Apr Early"]
[Site "Chess.com INT"]
[Date "2022.04.19"]
[Round "6"]
[White "Zhurikhin, Alexander"]
[Black "Kamsky, Gata"]
[Result "0-1"]
[WhiteElo "2313"]
[BlackElo "2661"]
[PlyCount "112"]
[EventDate "2022.04.19"]
[EventType "swiss (blitz)"]
[EventRounds "11"]
[EventCountry "USA"]
[SourceTitle "EXT 2023"]
[Source "ChessBase"]
[SourceDate "2022.10.05"]
[SourceVersion "1"]
[SourceVersionDate "2022.10.05"]
[SourceQuality "1"]

1. e4 e5 2. Nf3 Nc6 3. d4 exd4 4. Nxd4 Bc5 5. Nb3 Bb6 6. Qe2 Nge7 7. Nc3 0-0 8. Be3 f5 9. 0-0-0 f4 10. Bxb6 axb6 11. Kb1 d6 12. f3 Ne5 13. Nd4 c6 14. a3 b5 15. g4 Qb6 16. Nb3 Qe3 17. Bg2 Qxe2 18. Nxe2 Bxg4 19. Rhf1 Be6 20. Rxd6 Bc4 21. Nbc1 Rad8 22. Rfd1 Rxd6 23. Rxd6 g5 24. b3 Bf7 25. Nd4 Nc8 26. Rf6 Nd7 27. Rf5 h6 28. Bh3 Nd6 29. Rxf7 Rxf7 30. Be6 Ne5 31. Nd3 Ng6 32. e5 Ne8 33. Nf5 Kf8 34. Bxf7 Kxf7 35. Nxh6+ Ke6 36. Ng4 Nh4 37. Nc5+ Kf5 38. e6 Nxf3 39. Nh6+ Ke5 40. e7 Kd6 41. Nxb7+ Kxe7 42. a4 bxa4 43. bxa4 Nxh2 44. a5 f3 45. Nc5 f2 46. Nf5+ Kf6 47. Ng3 f1Q+ 48. Nxf1 Nxf1 49. a6 Nc7 50. a7 g4 51. Kc1 g3 52. Ne4+ Ke5 53. Nxg3 Nxg3 54. Kd2 Nf5 55. Kd3 Kd6 56. Kc4 Ne7 0-1

[Event "Titled Tuesday intern op 19th Apr Early"]
[Site "Chess.com INT"]
[Date "2022.04.19"]
[Round "10"]
[White "Zhurikhin, Alexander"]
[Black "Vignesh, NR."]
[Result "1-0"]
[WhiteElo "2313"]
[BlackElo "2430"]
[PlyCount "71"]
[EventDate "2022.04.19"]
[EventType "swiss (blitz)"]
[EventRounds "11"]
[EventCountry "USA"]
[SourceTitle "EXT 2023"]
[Source "ChessBase"]
[SourceDate "2022.10.05"]
[SourceVersion "1"]
[SourceVersionDate "2022.10.05"]
[SourceQuality "1"]

1. c4 f5 2. Nc3 Nf6 3. d3 e6 4. e4 fxe4 5. dxe4 Nc6 6. g3 Bb4 7. Bg2 0-0 8. Nge2 e5 9. 0-0 d6 10. h3 Qe8 11. Nd5 Ba5 12. Be3 Qg6 13. b4 Bxb4 14. Nxc7 Rb8 15. Qc2 Bc5 16. Rad1 Bxe3 17. fxe3 Qh6 18. c5 Qxe3+ 19. Kh2 dxc5 20. Nd5 Qh6 21. Qxc5 Be6 22. Nxf6+ Rxf6 23. Rxf6 Qxf6 24. Rd6 Rd8 25. Nc3 Qf8 26. Rxd8 Qxd8 27. Nd5 Qd7 28. h4 Kf7 29. Qf2+ Ke8 30. Qc5 b6 31. Qb5 Ne7 32. Nc7+ Kd8 33. Qxe5 Nc6 34. Nxe6+ Ke7 35. Qxg7+ Kxe6 36. Bh3+ 1-0

[Event "Titled Tuesday intern op 19th Apr Early"]
[Site "Chess.com INT"]
[Date "2022.04.19"]
[Round "5"]
[White "Zhurikhin, Alexander"]
[Black "Zor, Alber Kadir"]
[Result "1-0"]
[WhiteElo "2313"]
[BlackElo "2133"]
[PlyCount "99"]
[EventDate "2022.04.19"]
[EventType "swiss (blitz)"]
[EventRounds "11"]
[EventCountry "USA"]
[SourceTitle "EXT 2023"]
[Source "ChessBase"]
[SourceDate "2022.10.05"]
[SourceVersion "1"]
[SourceVersionDate "2022.10.05"]
[SourceQuality "1"]

1. c4 c6 2. Nf3 d5 3. g3 dxc4 4. Bg2 Nf6 5. 0-0 b5 6. a4 Bb7 7. Na3 a6 8. b3 cxb3 9. Qxb3 Nbd7 10. axb5 axb5 11. Nd4 Qb6 12. Bb2 e6 13. Naxb5 Rxa1 14. Rxa1 cxb5 15. Bxb7 Qxb7 16. Nxb5 Nb6 17. Ra7 Qc6 18. Bxf6 gxf6 19. Nc7+ Kd8 20. Nb5 Qc1+ 21. Kg2 Qc6+ 22. f3 Be7 23. Nd4 Qc5 24. e3 Nc8 25. Rb7 Ke8 26. Qa4+ Kf8 27. Qd7 Kg7 28. Rc7 Qd6 29. Qc6 Qxc6 30. Nxc6 Bd6 31. Rd7 Bc5 32. Nd8 Rf8 33. Nxe6+ Kg8 34. Nxc5 Nb6 35. Rd4 Rc8 36. Ne4 Rc1 37. Nxf6+ Kg7 38. Ne4 Na4 39. Ng5 Nb2 40. Ne4 Rd1 41. h4 Rb1 42. g4 Nd1 43. g5 Rb2 44. Kg3 Rb1 45. h5 h6 46. gxh6+ Kxh6 47. Rd6+ Kg7 48. h6+ Kh7 49. Ng5+ Kg8 50. Rd8# 1-0

[Event "Titled Tuesday intern op 01st Feb-A"]
[Site "Chess.com INT"]
[Date "2022.02.01"]
[Round "7"]
[White "Farmani Anosheh, Armin"]
[Black "Zhurikhin, Alexander"]
[Result "0-1"]
[WhiteElo "2345"]
[BlackElo "2313"]
[PlyCount "60"]
[EventDate "2022.02.01"]
[EventType "swiss (blitz)"]
[EventRounds "11"]
[EventCountry "USA"]
[SourceTitle "CBM 206 Extra"]
[Source "ChessBase"]
[SourceDate "2022.03.31"]
[SourceVersion "1"]
[SourceVersionDate "2022.03.31"]
[SourceQuality "1"]

1. d4 Nf6 2. c4 g6 3. f3 Bg7 4. e4 0-0 5. Nc3 d6 6. Nge2 c5 7. Be3 Nc6 8. d5 Ne5 9. Ng3 e6 10. Be2 exd5 11. cxd5 a6 12. a4 h5 13. 0-0 Bd7 14. h3 h4 15. Nh1 b5 16. axb5 axb5 17. Bxb5 Bxb5 18. Rxa8 Qxa8 19. Nxb5 Qa6 20. Nc3 Rb8 21. Bc1 Nd3 22. Nf2 Nxc1 23. Qxc1 Nh5 24. Qc2 Ng3 25. Rb1 Bd4 26. Kh2 Nf1+ 27. Kh1 Ne3 28. Qd2 Qc4 29. Nfd1 Nf1 30. Ne2 Nxd2 0-1

[Event "Titled Tuesday intern op 01st Feb-A"]
[Site "Chess.com INT"]
[Date "2022.02.01"]
[Round "5"]
[White "Zhurikhin, Alexander"]
[Black "Nastore, Pavel Alexandru"]
[Result "1-0"]
[WhiteElo "2313"]
[BlackElo "2306"]
[PlyCount "53"]
[EventDate "2022.02.01"]
[EventType "swiss (blitz)"]
[EventRounds "11"]
[EventCountry "USA"]
[SourceTitle "CBM 206 Extra"]
[Source "ChessBase"]
[SourceDate "2022.03.31"]
[SourceVersion "1"]
[SourceVersionDate "2022.03.31"]
[SourceQuality "1"]

1. e4 c5 2. Nf3 d6 3. c3 Nf6 4. Be2 Nbd7 5. Qc2 Qc7 6. 0-0 g6 7. Re1 Bg7 8. Bf1 0-0 9. Qd1 a6 10. d4 e5 11. Na3 b5 12. Nc2 Bb7 13. d5 c4 14. Bg5 h6 15. Bh4 Nc5 16. Nd2 Bc8 17. f3 Nh5 18. Bf2 Nf4 19. Nb4 a5 20. g3 axb4 21. gxf4 bxc3 22. bxc3 exf4 23. Bd4 Nd7 24. a4 bxa4 25. Bxg7 Kxg7 26. Nxc4 Qc5+ 27. Qd4+ 1-0

[Event "Voronezh op-A 20th"]
[Site "Voronezh"]
[Date "2016.06.20"]
[Round "9"]
[White "Zhurikhin, Alexander"]
[Black "Denishev, Marat"]
[Result "0-1"]
[WhiteElo "2383"]
[BlackElo "2275"]
[PlyCount "100"]
[EventDate "2016.06.12"]
[EventType "swiss"]
[EventRounds "9"]
[EventCountry "RUS"]
[SourceTitle "EXT 2019"]
[Source "ChessBase"]
[SourceDate "2018.10.10"]
[SourceVersion "1"]
[SourceVersionDate "2018.10.10"]
[SourceQuality "1"]

1. e4 c5 2. Nf3 d6 3. Bb5+ Nd7 4. 0-0 a6 5. Bd3 Qc7 6. c3 c4 7. Bc2 Ngf6 8. Qe2 b5 9. a4 Rb8 10. axb5 axb5 11. d3 Nb6 12. Na3 Bd7 13. Nd4 cxd3 14. Bxd3 e5 15. Naxb5 Qc8 16. Nf5 Bxf5 17. exf5 Be7 18. Ra7 Rb7 19. Nxd6+ Bxd6 20. Ba6 Rxa7 21. Bxc8 Nxc8 22. Qb5+ Ke7 23. c4 Rd8 24. b4 Kf8 25. c5 Be7 26. Bb2 e4 27. Qc4 Nd5 28. Qxe4 Ra4 29. f6 Bxf6 30. Bxf6 Nxf6 31. Qb1 Rd4 32. b5 Rab4 33. Qf5 Ne7 34. Qe5 Rd5 35. Qb8+ Ne8 36. Re1 Rxc5 37. b6 Rc6 38. g3 Rbxb6 39. Qd8 Re6 40. Ra1 Rbd6 41. Qb8 Nc6 42. Qb1 g6 43. Qb2 Nf6 44. Ra8+ Kg7 45. Kg2 Rd5 46. Qa3 Red6 47. Rc8 Rd2 48. Qa4 Ne5 49. Rc2 Neg4 50. h3 Ne3+ 0-1

[Event "Voronezh op-A 20th"]
[Site "Voronezh"]
[Date "2016.06.13"]
[Round "2"]
[White "Zhurikhin, Alexander"]
[Black "Burmakin, Vladimir"]
[Result "0-1"]
[WhiteElo "2383"]
[BlackElo "2543"]
[PlyCount "116"]
[EventDate "2016.06.12"]
[EventType "swiss"]
[EventRounds "9"]
[EventCountry "RUS"]
[SourceTitle "CBM 173 Extra"]
[Source "ChessBase"]
[SourceDate "2016.08.29"]
[SourceVersion "1"]
[SourceVersionDate "2016.08.29"]
[SourceQuality "1"]

1. d4 Nf6 2. Nf3 e6 3. c4 d5 4. g3 c6 5. Bg2 b5 6. b3 Nbd7 7. 0-0 Be7 8. Ba3 Bxa3 9. Nxa3 Qa5 10. Nc2 bxc4 11. bxc4 Ba6 12. Nd2 0-0 13. Rb1 Rab8 14. Rb3 c5 15. Ra3 Qb6 16. Rb3 Qc7 17. cxd5 Nxd5 18. Ra3 Rb6 19. Bxd5 exd5 20. Ne3 Nf6 21. dxc5 Qxc5 22. Ra4 Qc6 23. Rf4 Rb2 24. Re1 Rxa2 25. Nf3 Qb6 26. Ne5 Qb2 27. Rxf6 Qxe5 28. Rf5 Qe4 29. Qxd5 Qxd5 30. Nxd5 Rxe2 31. Rxe2 Bxe2 32. Re5 Bc4 33. Ne7+ Kh8 34. Rc5 Bd3 35. Rc7 a6 36. Ra7 h6 37. Nc6 Be4 38. Ne5 f6 39. f3 Ra8 40. Ng6+ Kh7 41. Nf8+ Kg8 42. Re7 Bf5 43. Ne6 Bxe6 44. Rxe6 a5 45. Re3 a4 46. Ra3 Kf7 47. Kf2 Ke6 48. Ke3 Kd5 49. Kd3 g5 50. h4 gxh4 51. gxh4 h5 52. Kc3 Ke5 53. Kb2 Kf4 54. Rc3 a3+ 55. Ka2 f5 56. Rb3 Ra4 57. Rc3 Kg3 58. Rc5 Kxf3 0-1

[Event "Voronezh op-A 20th"]
[Site "Voronezh"]
[Date "2016.06.12"]
[Round "1"]
[White "Lysenko, Margarita"]
[Black "Zhurikhin, Alexander"]
[Result "0-1"]
[WhiteElo "2097"]
[BlackElo "2383"]
[PlyCount "116"]
[EventDate "2016.06.12"]
[EventType "swiss"]
[EventRounds "9"]
[EventCountry "RUS"]
[SourceTitle "EXT 2019"]
[Source "ChessBase"]
[SourceDate "2018.10.10"]
[SourceVersion "1"]
[SourceVersionDate "2018.10.10"]
[SourceQuality "1"]

1. d4 f5 2. Nc3 Nf6 3. Bg5 d5 4. Bxf6 exf6 5. e3 Be6 6. Bd3 Nc6 7. a3 Qd7 8. Qf3 0-0-0 9. Nge2 g5 10. g3 Ne7 11. h3 Kb8 12. Nc1 Nc8 13. Nb3 b6 14. 0-0-0 Nd6 15. Qe2 Ne4 16. Bxe4 fxe4 17. Qf1 Be7 18. Kb1 c6 19. Na2 f5 20. Nd2 f4 21. c4 Rdf8 22. Qg2 Rf7 23. cxd5 cxd5 24. Nc3 Rhf8 25. exf4 gxf4 26. g4 f3 27. Qf1 h5 28. Ndxe4 dxe4 29. d5 Qc8 30. dxe6 Qxe6 31. Rd4 e3 32. Re4 Qg6 33. gxh5 Qh7 34. Qc4 Bf6 35. Ka1 Rc8 36. Qb4 Bxc3 37. bxc3 exf2 38. Rf1 Rfc7 39. Rxf2 Rxc3 40. Qd6+ R3c7 41. Qe5 Qd7 42. Kb2 Qc6 43. Re1 Rd8 44. h4 a5 45. h6 Ka7 46. h7 Rxh7 47. Rc1 Qb7 48. Rfc2 Rdd7 49. h5 Rde7 50. Qh2 Qd7 51. Ka1 Qd4+ 52. Ka2 Qd5+ 53. Ka1 Rxh5 54. Rc7+ Ka6 55. Qxh5 Qxh5 56. Rxe7 f2 57. Re3 Qg5 58. Rec3 Qf6 0-1

[Event "RUS-chT2"]
[Site "Sochi"]
[Date "2016.05.08"]
[Round "7.3"]
[White "Iljiushenok, Ilia"]
[Black "Zhurikhin, Alexander"]
[Result "1/2-1/2"]
[WhiteElo "2499"]
[BlackElo "2334"]
[PlyCount "82"]
[EventDate "2016.05.01"]
[EventType "team-swiss"]
[EventRounds "9"]
[EventCountry "RUS"]
[SourceTitle "CBM 172 Extra"]
[Source "ChessBase"]
[SourceDate "2016.06.21"]
[SourceVersion "1"]
[SourceVersionDate "2016.06.21"]
[SourceQuality "1"]
[WhiteTeam "Moscow SergArk"]
[BlackTeam "Voronezh"]
[WhiteTeamCountry "RUS"]
[BlackTeamCountry "RUS"]

1. d4 Nf6 2. c4 c6 3. Nc3 d5 4. e3 Bg4 5. f3 Bc8 6. Bd3 e6 7. cxd5 exd5 8. Nge2 c5 9. 0-0 Nc6 10. a3 cxd4 11. exd4 Be7 12. Bg5 0-0 13. Rc1 Ne8 14. Bxe7 Nxe7 15. Nf4 Nc7 16. Bb1 Qd6 17. Qd2 Bd7 18. Rfe1 Rfe8 19. Ba2 Bc6 20. Nd3 Nb5 21. Nxb5 Bxb5 22. Qb4 Qb6 23. Nc5 Bc6 24. Qd2 Nf5 25. Bb1 Nd6 26. b3 Rxe1+ 27. Rxe1 Re8 28. Rxe8+ Nxe8 29. b4 g6 30. Bd3 Bb5 31. Bc2 Nd6 32. Qf4 Qd8 33. Nd3 Bxd3 34. Bxd3 Nc4 35. Qc1 b5 36. Qc3 Qb6 37. Kf2 Qa6 38. Bxc4 dxc4 39. d5 Qd6 40. Qd4 c3 41. Qxc3 Qxd5 1/2-1/2

[Event "RUS-chT2"]
[Site "Sochi"]
[Date "2016.05.07"]
[Round "6.5"]
[White "Zhurikhin, Alexander"]
[Black "Suslov, Dmitry"]
[Result "1-0"]
[WhiteElo "2334"]
[BlackElo "2245"]
[PlyCount "85"]
[EventDate "2016.05.01"]
[EventType "team-swiss"]
[EventRounds "9"]
[EventCountry "RUS"]
[SourceTitle "EXT 2018"]
[Source "ChessBase"]
[SourceDate "2017.10.13"]
[SourceVersion "1"]
[SourceVersionDate "2017.10.13"]
[SourceQuality "1"]
[WhiteTeam "Voronezh"]
[BlackTeam "Smolensk VOS"]
[WhiteTeamCountry "RUS"]
[BlackTeamCountry "RUS"]

1. e4 d6 2. d4 Nf6 3. Nc3 Nc6 4. d5 Nb8 5. Nf3 g6 6. Bg5 Bg7 7. Qd2 c6 8. Be2 0-0 9. 0-0 Nbd7 10. Rfe1 Qc7 11. Bf1 a6 12. a4 Re8 13. Rad1 Rb8 14. h3 cxd5 15. exd5 Nb6 16. b3 Bf5 17. a5 Rbc8 18. Re3 Na8 19. Nd4 Bd7 20. b4 Qd8 21. Rde1 Nc7 22. Nf3 e6 23. dxe6 Nxe6 24. Bh4 Bc6 25. Nd4 Nxd4 26. Rxe8+ Bxe8 27. Qxd4 Bc6 28. Qf4 h6 29. Qd2 g5 30. Bg3 Nh5 31. Nd5 Bxd5 32. Qxd5 Nxg3 33. fxg3 Qf6 34. Qxb7 Rxc2 35. Qa8+ Bf8 36. Re8 Qf2+ 37. Kh2 Qxf1 38. Rxf8+ Kg7 39. Rg8+ Kf6 40. Qd8+ Ke5 41. Re8+ Kd5 42. Qa8+ Kd4 43. Qe4+ 1-0

[Event "Chigorin Memorial 23rd"]
[Site "St Petersburg"]
[Date "2015.10.09"]
[Round "7"]
[White "Zhurikhin, Alexander"]
[Black "Borisovsky, Dmitry"]
[Result "1/2-1/2"]
[WhiteElo "2309"]
[BlackElo "2169"]
[PlyCount "162"]
[EventDate "2015.10.03"]
[EventType "swiss"]
[EventRounds "9"]
[EventCountry "RUS"]
[SourceTitle "CBM 168 Extra"]
[Source "ChessBase"]
[SourceDate "2015.10.29"]
[SourceVersion "1"]
[SourceVersionDate "2015.10.29"]
[SourceQuality "1"]

1. Nf3 Nf6 2. g3 c5 3. Bg2 Nc6 4. 0-0 d5 5. d4 cxd4 6. Nxd4 Qb6 7. Nxc6 bxc6 8. c4 e6 9. Nc3 Be7 10. cxd5 exd5 11. e4 dxe4 12. Nxe4 Nd5 13. Bg5 Bxg5 14. Nxg5 0-0 15. Qc2 g6 16. Rac1 Bd7 17. Rfd1 Rab8 18. b3 Rfd8 19. Ne4 Bf5 20. Qxc6 Qxc6 21. Rxc6 Nb4 22. Rcd6 Rxd6 23. Nxd6 Be6 24. Ne4 Nxa2 25. Nc5 Bf5 26. Bb7 Nb4 27. g4 Nd3 28. gxf5 Nxc5 29. Bd5 gxf5 30. Rc1 Ne6 31. Ra1 Nf4 32. Bc4 Rb7 33. Ra5 Ne6 34. Rxf5 Kg7 35. Rd5 h6 36. Kf1 Kf6 37. Ke1 Nf4 38. Ra5 Rd7 39. f3 Nd3+ 40. Ke2 Ne5 41. Bd5 Ng6 42. Ke3 Ne7 43. Bc4 Nc8 44. Kf4 Rc7 45. Ra6+ Nb6 46. Ra5 Nc8 47. b4 Nd6 48. Ra6 Ke7 49. Bd5 Rd7 50. Ke5 f6+ 51. Kf4 Rc7 52. Kg4 f5+ 53. Kh5 Rc2 54. Rxa7+ Kf6 55. Ra2 Rc3 56. Re2 Ne4 57. Bxe4 fxe4 58. fxe4 Rh3+ 59. Kg4 Rb3 60. e5+ Ke6 61. Re4 h5+ 62. Kg5 Rh3 63. Re2 Rb3 64. Re4 Rh3 65. Rh4 Re3 66. Rxh5 Rxe5+ 67. Kg6 Re2 68. h4 Re4 69. b5 Rg4+ 70. Kh7 Kf6 71. b6 Rb4 72. Rh6+ Kf7 73. Kh8 Rg4 74. Rh7+ Kf8 75. Rh5 Kf7 76. Rf5+ Ke6 77. Rb5 Rxh4+ 78. Kg7 Rg4+ 79. Kf8 Rf4+ 80. Kg7 Rg4+ 81. Kh7 Rh4+ 1/2-1/2

[Event "Chigorin Memorial 23rd"]
[Site "St Petersburg"]
[Date "2015.10.08"]
[Round "6"]
[White "Galaktionov, Artem"]
[Black "Zhurikhin, Alexander"]
[Result "1/2-1/2"]
[WhiteElo "2174"]
[BlackElo "2309"]
[PlyCount "192"]
[EventDate "2015.10.03"]
[EventType "swiss"]
[EventRounds "9"]
[EventCountry "RUS"]
[SourceTitle "CBM 168 Extra"]
[Source "ChessBase"]
[SourceDate "2015.10.29"]
[SourceVersion "1"]
[SourceVersionDate "2015.10.29"]
[SourceQuality "1"]

1. d4 f5 2. Nf3 Nf6 3. c4 g6 4. g3 Bg7 5. Bg2 0-0 6. 0-0 d6 7. Nc3 c6 8. Rb1 a5 9. a3 Ne4 10. Qc2 Na6 11. Be3 Nxc3 12. Qxc3 Qc7 13. c5 Nxc5 14. Qc2 Ne6 15. Qb3 a4 16. Qa2 d5 17. Rbc1 Qd6 18. Rcd1 f4 19. Bc1 g5 20. e4 g4 21. e5 Qd8 22. Nh4 f3 23. Bh1 c5 24. dxc5 Nxc5 25. Qxd5+ Qxd5 26. Rxd5 b6 27. Bg5 Be6 28. Rdd1 Kf7 29. h3 h5 30. Nxf3 gxf3 31. Bxf3 Bxh3 32. Bxa8 Bxf1 33. Bd5+ e6 34. Kxf1 exd5 35. Rxd5 Ke6 36. Rd6+ Kf5 37. Bh6 Bxh6 38. Rxh6 Rb8 39. Rxh5+ Ke4 40. Ke2 Kd4 41. Rh4+ Kxe5 42. Ke3 Kd5 43. Rd4+ Kc6 44. f4 Re8+ 45. Kf3 Re1 46. Rd2 Rf1+ 47. Kg2 Rb1 48. f5 Ne4 49. Re2 Kd5 50. g4 Kd4 51. Kf3 Rf1+ 52. Kg2 Rf4 53. Kh3 Kd3 54. Rg2 Rf1 55. Kh2 Ke3 56. g5 Rxf5 57. g6 Rh5+ 58. Kg1 Rh8 59. g7 Rg8 60. Kf1 Kd4 61. Ke1 b5 62. Kd1 Nf6 63. Rg3 Kc4 64. Kc2 Ne8 65. Rc3+ Kd4 66. Rc8 Nf6 67. Rf8 Rxg7 68. Rxf6 Rg2+ 69. Kb1 Rg4 70. Ka2 Kc4 71. Rc6+ Kd5 72. Rc1 Rg2 73. Rc8 Rg4 74. Rc1 Re4 75. Rd1+ Kc5 76. Rd8 Rh4 77. Rc8+ Kb6 78. Rc2 Rh5 79. Rc3 Rc5 80. Re3 Kc6 81. Re6+ Kd5 82. Rh6 Rc1 83. Rh5+ Kc6 84. Rh6+ Kc5 85. Rh5+ Kb6 86. Rh6+ Rc6 87. Rxc6+ Kxc6 88. b3 Kc5 89. bxa4 bxa4 90. Kb2 Kd4 91. Kb1 Kc3 92. Ka1 Kb3 93. Kb1 Kxa3 94. Ka1 Kb3 95. Kb1 a3 96. Ka1 a2 1/2-1/2

[Event "Chigorin Memorial 23rd"]
[Site "St Petersburg"]
[Date "2015.10.05"]
[Round "3"]
[White "Zhurikhin, Alexander"]
[Black "Kuznetsov, Felix"]
[Result "1-0"]
[WhiteElo "2309"]
[BlackElo "2074"]
[PlyCount "109"]
[EventDate "2015.10.03"]
[EventType "swiss"]
[EventRounds "9"]
[EventCountry "RUS"]
[SourceTitle "CBM 168 Extra"]
[Source "ChessBase"]
[SourceDate "2015.10.29"]
[SourceVersion "1"]
[SourceVersionDate "2015.10.29"]
[SourceQuality "1"]

1. Nf3 Nf6 2. c4 b6 3. g3 Bb7 4. Bg2 e6 5. 0-0 Be7 6. Nc3 0-0 7. Re1 d5 8. cxd5 exd5 9. d4 Na6 10. Bf4 Qc8 11. Rc1 Rd8 12. Ne5 Qe6 13. Qa4 c5 14. Rcd1 Ne4 15. Nxe4 dxe4 16. d5 Rxd5 17. Bxe4 Rxd1 18. Rxd1 Bxe4 19. Qxe4 Re8 20. Qa4 Bf6 21. Rd6 Qxd6 22. Qxe8+ Qf8 23. Qd7 Bxe5 24. Bxe5 Qa8 25. a3 h6 26. f3 f6 27. Bf4 Kh8 28. h4 c4 29. g4 Nc5 30. Qf7 Qg8 31. Qxa7 Qe6 32. Kf2 Qc6 33. Qb8+ Kh7 34. Be3 Na4 35. Bd4 Nc5 36. Qf4 Ne6 37. Qf5+ Kh8 38. Be3 Qd6 39. Kg2 Qc6 40. Qe4 Qxe4 41. fxe4 b5 42. e5 fxe5 43. Kf3 Kg8 44. Ke4 Kf7 45. Kxe5 Ke7 46. Kd5 Kd7 47. h5 Nc7+ 48. Kc5 Ke6 49. Bd4 Ne8 50. Kxb5 Kd5 51. Bc3 Nd6+ 52. Kb6 Ke4 53. Bxg7 Kf4 54. Bxh6+ Kxg4 55. Bf8 1-0

[Event "Voronezh-ch op2"]
[Site "Voronezh"]
[Date "2015.04.10"]
[Round "8"]
[White "Zhurikhin, Alexander"]
[Black "Klimentov, Roman"]
[Result "0-1"]
[WhiteElo "2329"]
[BlackElo "2213"]
[PlyCount "140"]
[EventDate "2015.04.02"]
[EventType "swiss"]
[EventRounds "9"]
[EventCountry "RUS"]
[SourceTitle "EXT 2017"]
[Source "ChessBase"]
[SourceDate "2016.10.25"]
[SourceVersion "1"]
[SourceVersionDate "2016.10.25"]
[SourceQuality "1"]

1. d4 Nf6 2. g3 g6 3. Bg2 Bg7 4. e4 d6 5. Ne2 0-0 6. 0-0 e5 7. Nbc3 c6 8. a4 Nbd7 9. a5 Re8 10. Re1 Qc7 11. h3 Rb8 12. Be3 b5 13. axb6 axb6 14. d5 Bb7 15. g4 Ra8 16. Rc1 cxd5 17. exd5 Ba6 18. Ng3 Rf8 19. Na2 Be2 20. Qxe2 Rxa2 21. Qb5 Rc8 22. c4 Ra5 23. Qb4 Nc5 24. Red1 h6 25. Qc3 Rca8 26. Rb1 Ra2 27. Qc1 Nb3 28. Qc3 Nd4 29. Bf1 Nd7 30. Kh1 Nc5 31. Bxd4 exd4 32. Qf3 d3 33. b4 Nd7 34. Ne4 Rf8 35. Qxd3 f5 36. gxf5 gxf5 37. Nd2 Ne5 38. Qg3 Qe7 39. f4 Nd7 40. Bd3 Qf6 41. Nf3 Rfa8 42. Nh4 b5 43. Nxf5 bxc4 44. Rg1 cxd3 45. Qxg7+ Qxg7 46. Rxg7+ Kf8 47. Rxd7 Ra1 48. Rd8+ Kf7 49. Rxa8 Rxb1+ 50. Kg2 d2 51. Ne3 Re1 52. Ra2 Re2+ 53. Kf1 d1Q+ 54. Nxd1 Rxa2 55. Nc3 Rb2 56. b5 Ke7 57. Ke1 Rc2 58. Ne4 Rc4 59. Ng3 Rxf4 60. Ke2 Kd7 61. b6 Rd4 62. Nh5 Kc8 63. Nf6 Rf4 64. Ng8 Rh4 65. Kf3 Rxh3+ 66. Kg4 Rd3 67. Nf6 Kb7 68. Kh5 Kxb6 69. Kxh6 Kc5 70. Kg5 Rf3 0-1

[Event "Voronezh-ch op2"]
[Site "Voronezh"]
[Date "2015.04.07"]
[Round "5"]
[White "Zhurikhin, Alexander"]
[Black "Strelnikov, Sergey"]
[Result "1/2-1/2"]
[WhiteElo "2329"]
[BlackElo "2388"]
[PlyCount "95"]
[EventDate "2015.04.02"]
[EventType "swiss"]
[EventRounds "9"]
[EventCountry "RUS"]
[SourceTitle "EXT 2017"]
[Source "ChessBase"]
[SourceDate "2016.10.25"]
[SourceVersion "1"]
[SourceVersionDate "2016.10.25"]
[SourceQuality "1"]

1. d4 Nf6 2. Bg5 d5 3. Nd2 e6 4. e3 Be7 5. Bd3 b6 6. c3 0-0 7. Qe2 a5 8. Ngf3 Ba6 9. Bxa6 Nxa6 10. 0-0 c5 11. Ne5 Nb8 12. Qb5 Nfd7 13. Bxe7 Qxe7 14. Ndf3 Rc8 15. Rfe1 a4 16. e4 cxd4 17. cxd4 dxe4 18. Rxe4 Ra5 19. Qe2 Nf6 20. Rf4 Nbd7 21. h4 Nxe5 22. Nxe5 Rc7 23. a3 Qe8 24. Re1 Nd5 25. Rf3 Ra8 26. Rg3 Rac8 27. Kh2 Kh8 28. Qf3 Qe7 29. Qg4 f5 30. Qh5 Nf4 31. Ng6+ Nxg6 32. Rxg6 Qf7 33. Rg5 Qxh5 34. Rxh5 g6 35. Rg5 Rc6 36. Rg3 Kg7 37. d5 exd5 38. Re7+ Kf6 39. Rxh7 R8c7 40. Rh8 Rd6 41. h5 Kg7 42. Ra8 d4 43. Rxg6+ Rxg6 44. hxg6 Rd7 45. Rc8 d3 46. Rc1 Kxg6 47. Kg3 Re7 48. Rd1 1/2-1/2